000 00291nam a22001337a 4500
008 260427b ||||| |||| 00| 0 eng d
020 _a9789928303097
041 _aShqip
080 _a821.13
100 _a20
101 _aRoman
245 _aZemra
_cEdmondo de Amiçis
942 _2udc
_cBK
999 _c60999
_d60999